[Event "EU-ch 17th"]
[Site "Gjakova"]
[Date "2016.05.19"]
[Round "7"]
[White "Brkic, Ante"]
[Black "Laznicka, Viktor"]
[Result "1-0"]
[WhiteElo "2584"]
[BlackElo "2668"]
[Annotator "Pavlovic,M"]
[PlyCount "73"]
[EventDate "2016.05.12"]
[EventType "swiss"]
[EventRounds "11"]
[EventCountry "KOS"]
[SourceTitle "CBM 173"]
[Source "ChessBase"]
[SourceDate "2016.07.12"]
[SourceVersion "1"]
[SourceVersionDate "2016.07.12"]
[SourceQuality "1"]

1. e4 d6 2. d4 Nf6 3. Nc3 e5 4. Nf3 Nbd7 5. Bc4 Be7 6. a4 O-O 7. O-O c6 {
The Philidor Defence is very popular nowdays.} 8. h3 Nxe4 $5 {An interesting
motif. It has become rather popular lately to use this idea against the 8.h3
move order. Let's see...} 9. Nxe4 d5 10. Re1 {Another idea recently played
didn't bring White anything:} (10. Nxe5 Nxe5 11. dxe5 dxc4 12. Nd6 Be6 13. Nxb7
Qc7 14. Nd6 Rad8 15. Qf3 Bxd6 16. exd6 Qxd6 17. Bf4 {1/2-1/2 (17) Salgado
Lopez,I (2618)-Baklan,V (2614) Drancy 2016}) 10... exd4 {I am more inclined to
a different solution used here:} (10... dxe4 11. Rxe4 exd4 12. Bf4 Nc5 13. Rxd4
Qe8 {This is interesting position. White is better developed but on the other
hand Black has managed to destroy the centre and needs Be6 to level the
chances.} 14. Bd6 (14. Qd2 Be6 $5 (14... Ne6 15. Re4 Qd8 16. Qxd8 Bxd8 17. Bd6
Re8 18. Rae1 Bf6 19. c3 Bd7 20. Ne5 Bxe5 21. Rxe5 Rad8 22. f4 $14 {1-0 (38)
Palac,M (2576)-Jovanovic,Z (2508) Schwarzach 2015}) 15. Re1 Bxc4 16. Rxc4 Ne6
17. Be5 Qd8 18. Qc3 Re8 19. Rg4 Bf8 {Although White is active still, the
position is very solid for Black, and poses no particular danger for Black.})
14... Bxd6 15. Rxd6 Qe7 16. Ra3 Be6 17. Bxe6 Nxe6 18. Rad3 Rad8 {½-½ (23)
Sevian,S (2580)-Indjic,A (2542) Dallas 2016: Black sucesfully equalised.}) 11.
Bxd5 cxd5 12. Ng3 {This is an easy type of play for White; on the other hand
Black is not without chances to equalise but has to be accurate. We will see
that players with Black failed to to do that in all cases.} d3 (12... Nc5 13.
Nxd4 Bd7 14. Ndf5 Bxf5 15. Nxf5 Bf6 16. Be3 Ne6 17. c3 Qd7 18. Qb3 Rfd8 19.
Rad1 $14 {1-0 (48) Konguvel,P (2357)-Moreno Ruiz,J (2459) Montcada i Reixac
2015}) 13. Qxd3 Nc5 14. Qd1 a5 $6 {A new idea and I would say a suspect one.} (
14... Be6 15. Bf4 Rc8 16. Nd4 Qd7 17. Be5 Rfe8 18. Nxe6 Nxe6 19. Nf5 Bf8 20. b3
f6 21. Bb2 Kh8 $5 (21... Ng5 22. Rxe8 Rxe8 23. Ne3 Rd8 24. Qd3 Ne6 $5 (24...
Bc5 25. Rd1 Ne4 26. Nxd5 {1-0 (26) Naroditsky,D (2622)-Oratovsky,M (2490)
Benasque 2015}) 25. Rd1 Nf4 26. Qf1 Bc5 {with balanced play.}) 22. Qd2 Qc6 23.
Re2 Nc5 24. Rd1 Ne4 $13 {and now not:} 25. Qxd5 $2 Nc3 $1 $17) 15. Nd4 Ra6 16.
Bf4 Bf6 (16... Rg6 17. Ndf5 $14) 17. Be5 Bxe5 18. Rxe5 f6 19. Re1 {I like
White here, I don't really understand Laznicka's idea behind ...Ra6.} Re8 20.
Rxe8+ Qxe8 21. Nb5 Qd8 22. Qd4 Ne6 23. Qd2 {White's advantage is undisputed}
Nc5 24. Qe3 Rc6 25. Rd1 Ne6 26. Nf5 $18 {The white pressure here is simply too
great.} Rc5 27. c3 Kf8 28. Nfd6 Qe7 29. Re1 Bd7 30. Nxb7 Rc4 31. Nd4 Rc7 32.
Nxa5 Kf7 33. Nxe6 Bxe6 34. Qb6 Rd7 35. Nc6 Qd6 36. b4 g5 37. b5 1-0

[Event "Beijing FIDE GP"]
[Site "Beijing"]
[Date "2013.07.16"]
[Round "11"]
[White "Topalov, Veselin"]
[Black "Morozevich, Alexander"]
[Result "1-0"]
[WhiteElo "2767"]
[BlackElo "2736"]
[Annotator "Pavlovic,M"]
[PlyCount "83"]
[EventDate "2013.07.04"]
[EventType "tourn"]
[EventRounds "11"]
[EventCountry "CHN"]
[EventCategory "21"]
[SourceTitle "CBM 156"]
[Source "ChessBase"]
[SourceDate "2013.09.17"]
[SourceVersion "1"]
[SourceVersionDate "2013.09.17"]
[SourceQuality "1"]

1. e4 d6 2. d4 Nf6 3. Nc3 e5 4. Nf3 Nbd7 5. Bc4 Be7 {The Philidor Defence had
been forgotten for a long time in chess tournament practice, until promising
French GM Bauer wrote a nice book about it. Due to his and some other GMs'
efforts the opening started to become more and more popular. Nowadays we see
not one but a few ideas that Black uses against the regular setup Bc4 0-0.} 6.
O-O O-O 7. a4 c6 8. Re1 {This is considered as best play so far for White.} a5
9. h3 Nb6 {And this is something that has been introduced in the last few
years and at the present moment is the most popular reply for Black at this
point. Very interesting positions are ahead of us.} 10. Bb3 {Not the only move,
White has various ideas how to proceed with the bishop from here.} (10. Ba2
Nfd7 11. Be3 exd4 12. Bxd4 (12. Qxd4 Nc5 13. Rad1 Be6 14. b3 $5 {a strange
looking move} (14. Bxe6 fxe6 15. e5 d5 16. Qg4 {transposes below to the main
line under 12.Qxd4}) 14... Ncd7 15. Ne2 d5 16. Nf4 Re8 17. Nxe6 fxe6 18. e5 Bc5
19. Qg4 Bxe3 20. Rxe3 Qe7 21. c3 c5 22. Bb1 Nf8 23. h4 c4 $132 {1/2-1/2 (48)
Zhigalko,S (2661)-Mamedov,N (2602) Denizli TUR 2013}) 12... Nc5 13. Bxc5 dxc5
14. Qe2 Qd6 15. Rad1 Qg6 $5 (15... Qh6 16. Nd2 (16. Qd2 Qg6 17. Ne5 Qf6 18. Nc4
(18. f4 Be6 19. Bxe6 Qxe6 20. Qf2 Bf6 21. Qxc5 Bxe5 22. fxe5 Nd7 23. Qd6 Nxe5
$11) 18... Nxc4 19. Bxc4 Be6 20. Bxe6 Qxe6 21. Qd7 Rfd8 22. Qxb7 Rdb8 23. Qd7
Rxb2 $11 {1/2-1/2 (30) Alsina Leal,D (2527)-Magem Badals,J (2593) Barcelona
ESP 2010}) 16... Be6 17. Nc4 Nxc4 18. Bxc4 Rad8 19. Bxe6 Qxe6 20. Qe3 Rxd1 21.
Rxd1 Bf6 22. Qxc5 Bxc3 23. Qxc3 Qxe4 24. Rd4 Qe5 $11 {1/2-1/2 (54) Quesada
Perez,Y (2604)-Alonso Rosell,A (2540) Barcelona ESP 2012}) 16. Ne5 Qg5 17. f4
$6 (17. Nxf7 Rxf7 18. f4 Qh4 19. Bxf7+ Kxf7 20. f5 Kg8 21. Rf1 (21. Nb1 Bd7 22.
Nd2 Be8 $13) 21... Bd7 22. e5 Rf8 23. e6 Be8 24. Ne4 c4 $13) 17... Qxf4 $1 18.
Nxf7 c4 19. Rf1 Bc5+ 20. Kh1 Qh4 $1 $17 (20... Qe3 $2 21. Qh5 $1 $18 {0-1 (48)
Inarkiev,E (2680)-Al Sayed,M (2498) Khanty-Mansiysk RUS 2013})) (10. Bf1 exd4
11. Nxd4 d5 12. e5 Ne8 13. Nce2 g6 14. Bh6 (14. Nf4 Ng7 15. Nd3 f6 16. b3 fxe5
17. Nxe5 Bb4 18. Bd2 Nd7 19. Bxb4 axb4 20. Qd2 Nxe5 21. Rxe5 Qd6 22. Rae1 Bd7
23. Nf3 Rae8 24. Bd3 Rxe5 25. Nxe5 Bc8 26. Qe3 Re8 27. Qf4 Qf8 28. Qd4 Ne6 29.
Qh4 Qe7 30. Qg3 Qg5 $11 {1/2-1/2 (53) Saric,I (2616)-Neuman,P (2465) Deizisau
GER 2013}) 14... Ng7 15. Nf3 $5 (15. Ng3 Bg5 16. Bxg5 Qxg5 17. Nf3 Qf4 18. Ne2
Qb4 $1 (18... Qh6 19. Ned4 Be6 20. c3 Nd7 21. b4 Rfe8 22. Qb3 $14 {0-1 (64)
Efimenko,Z (2682)-Bologan,V (2690) Poikovsky RUS 2009}) 19. c3 Qe7 20. Ned4 Bf5
21. Qb3 Qc7 22. Rad1 Rad8 $11) 15... Nd7 16. Ned4 Nc5 17. c4 Be6 $5 (17... Nce6
18. Qb3 Nxd4 19. Nxd4 c5 20. Ne2 dxc4 21. Qxc4 Be6 22. Qc3 Qb6 23. Nf4 Rfd8 $14
{1-0 (60) Kosintseva,T (2562)-Zhu Chen (2476) Ulaanbaatar MGL 2010}) 18. Qc2
Qb6 19. Rad1 Rfd8 $13) (10. Bd3 $5 {An interesting idea especially due to a
Morozevich game which I find rather interesting for further development.} Nfd7
(10... exd4 11. Nxd4 d5 12. e5 Ne8 13. Bf4 g6 14. Nf3 Ng7 15. Ne2 Nd7 16. c3
Nc5 17. Bc2 Bf5 18. Bh6 Bxc2 19. Qxc2 f6 20. Ned4 fxe5 21. Nxe5 Qd6 22. Rad1
Rae8 23. Ndf3 Bd8 24. c4 $36 {0-1 (63) Hansen,S (2603)-Hopman,P (2365) Pattaya
THA 2011}) 11. Be3 (11. Ne2 exd4 $1 (11... c5 12. c3 c4 13. Bc2 Qc7 14. Ng3 Rd8
15. Nh2 $14 {1-0 (30) Stojanovic,D (2495)-Rowe,P (1987) Istanbul TUR 2012}) 12.
Nexd4 Nc5 13. b3 Bf6 14. Rb1 Nbd7 15. Ba3 Re8 16. Nf5 Ne5 17. Nxe5 Bxe5 18.
Bxc5 dxc5 19. Bc4 Qf6 $13 {1/2-1/2 (35) Meier,G (2546)-Al Sayed,M (2469) Biel
SUI 2007}) 11... exd4 (11... Re8 $5 12. Qd2 exd4 13. Bxd4 Ne5 $1 14. Nh2 Ng6
15. f4 Bf6 16. Be3 d5 17. e5 Bh4 18. Bf2 Bxf2+ 19. Qxf2 Nd7 20. Bxg6 hxg6 21.
Nf3 Qb6 $13) 12. Bxd4 Nc5 13. Bf1 $5 Be6 (13... Qc7 14. Qd2 Ne6 15. Be3 Bf6 16.
Rad1 Rd8 17. b3 Nd7 18. Ne2 Ndc5 (18... Ne5 19. Nfd4 (19. Nh2 Ng6 20. f4 Nc5
21. Bxc5 dxc5 22. Qc1 c4 $132) 19... Ng6 20. Nxe6 Bxe6 21. Bd4 $14 {[%cal
Gf2f4]}) 19. Ng3 $14) 14. Qd2 d5 15. exd5 Nxd5 16. Rad1 Re8 17. b3 h6 (17...
Bf8 18. Bc4 Nxc3 19. Qxc3 Bxc4 20. Bxc5 Rxe1+ 21. Qxe1 Bd5 22. Bxf8 Qxf8 23.
Nd4 f6 24. Rd3 $14) 18. Bc4 Nb4 (18... Nc7 19. Qf4 Qc8 20. Qg3 Bf8 21. Ne5 $36)
19. Bxc5 $1 Qxd2 20. Rxd2 Bxc5 21. Bxe6 Rxe6 22. Rxe6 fxe6 23. Ne4 $16 {
1/2-1/2 (53) Morozevich,A (2770)-Kazhgaleyev,M (2589) Astana KAZ 2012}) 10...
Nfd7 11. Be3 exd4 12. Nxd4 (12. Qxd4 Nc5 13. Rad1 Be6 14. Bxe6 fxe6 15. e5 d5
16. Qg4 Qe8 {this position is perfectly ok for Black} 17. h4 (17. b3 Nbd7 18.
Rd4 Rf5 19. Qg3 Kh8 20. Rg4 Qf7 21. Bd2 Rf8 $13 {1/2-1/2 (30) Ni Hua (2645)
-Danielsen,H (2519) New Delhi IND 2011}) 17... Nbd7 18. Ne2 Qf7 19. Ned4 Rae8
20. Rb1 Bd8 21. h5 Ne4 $15 {0-1 (58) Sosna,J (2385)-Neuman,P (2471) Czech
Republic CZE 2013}) (12. Bxd4 Nc5 13. Bxc5 dxc5 14. Qe2 Qd6 {We have the same
position like in the 10.Ba2 line but with a bishop on b3. Quesada is using
this fact for a small idea.} 15. Qe3 $5 Qg6 16. Ne2 $1 {now the pawn on a4 is
protected} Qh6 17. Qxh6 gxh6 18. c3 Be6 19. Bc2 Rad8 20. Nf4 Bc8 $13 {1-0 (74)
Quesada Perez,Y (2620)-Narciso Dublan,M (2551) Barcelona ESP 2011}) 12... Nc5
13. Qf3 (13. Qh5 Nxb3 14. cxb3 g6 15. Qh6 Nd7 16. Rad1 Re8 17. Nf3 Bf8 18. Qf4
Qe7 19. Qg3 Ne5 20. Nd4 Bg7 21. Bg5 Qf8 22. f4 Nd7 $13 {0-1 (42) Horvath,C 
(2208)-Neuman,P (2522) Pardubice CZE 2013}) (13. Nf5 $6 Bxf5 $1 14. exf5 Nxb3 (
14... Nbd7 15. Qg4 d5 16. Rad1 Bf6 {this is also ok for Black}) 15. cxb3 Bf6
16. Qg4 Nd7 (16... d5 $2 17. Bc5 $16 {1-0 (35) Potapov,P (2460)-Kabanov,N 
(2472) Khanty-Mansiysk RUS 2013}) 17. Rad1 d5 {Black is fine.}) 13... Nxb3 14.
cxb3 Be6 {I am not so sure about this move, somehow it runs on f4-f5 ideas.} (
14... Nd7 15. Rad1 Ne5 16. Qe2 (16. Qg3 Re8 17. Re2 Bh4 18. Qh2 Bf6 19. Red2
Ng6 20. Nde2 Be6 $13) 16... Bd7 (16... Re8 $5 17. f4 Ng6 18. Qd2 Bf6 19. f5 Ne5
20. Nc2 Re7 21. Qf2 Rd7 $13) (16... Ng6 17. f4 f5 $13) 17. f4 Ng6 18. Nf5 Bxf5
19. exf5 Nh4 20. Bf2 Nxf5 21. g4 Nh4 22. Qxe7 Nf3+ 23. Kf1 Nxe1 24. Qxd8 Rfxd8
25. Kxe1 d5 26. Bb6 Re8+ 27. Kd2 f6 $13 {1/2-1/2 (57) Rublevsky,S (2667)
-Bologan,V (2645) Tomsk RUS 2006}) 15. Rad1 Nd7 (15... d5 16. Qg3 $16) (15...
Kh8 16. Qg3 $14) 16. Qg3 Ne5 17. Re2 Ng6 (17... Bh4 18. Qh2) 18. f4 $14 c5 $2 (
18... Bc8 {It was better to accept the fact that a mistake had been made and
to retreat with the bishop.}) 19. Nf5 $5 (19. Nxe6 fxe6 20. Qg4 Qc8 21. Nb5 Ra6
22. Red2 $16) 19... Bxb3 20. Rdd2 Rc8 21. Rf2 {White has a strong initiative
for the pawn.} Kh8 22. h4 Rg8 23. h5 Nf8 24. Nxd6 Bxd6 25. e5 f5 26. Rxd6 Qe8
27. Qh3 $16 Be6 28. Rfd2 h6 29. Nb5 Nd7 30. Qf3 b6 31. Qd1 $18 Nf8 32. Rxb6 Qe7
33. Qf3 Nd7 34. Rb7 Rb8 35. Ra7 Rgd8 36. Rd6 Qf7 37. Nc7 Bc4 38. e6 Qe7 39.
Rxd7 Rxd7 40. exd7 Qxd7 41. Nb5 Qe6 42. Qg3 1-0

[Event "Porto Mannu op"]
[Site "Porto Mannu"]
[Date "2009.05.23"]
[Round "9"]
[White "Korneev, Oleg"]
[Black "Pelletier, Yannick"]
[Result "1/2-1/2"]
[WhiteElo "2587"]
[BlackElo "2559"]
[Annotator "Pelletier,Y"]
[PlyCount "78"]
[EventDate "2009.05.16"]
[EventType "swiss"]
[EventRounds "9"]
[EventCountry "ITA"]
[SourceTitle "CBM 130 Extra"]
[Source "ChessBase"]
[SourceDate "2009.07.02"]
[SourceVersion "2"]
[SourceVersionDate "2009.07.15"]
[SourceQuality "1"]

1. e4 d6 2. d4 Nf6 3. Nc3 e5 4. Nf3 Nbd7 5. Bc4 Be7 6. O-O O-O 7. Re1 c6 8. a4
a5 9. h3 Nb6 10. Bf1 Nfd7 11. b3 exd4 12. Nxd4 Nc5 13. Bf4 f5 {Schwarz soll
diesen aktiven Zug spielen, bevor sich Weiß mittels Qd2-Rad1 voll entwickelt
hat.} 14. exf5 Bxf5 15. Nxf5 ({In der Vorgängerpartie Baba-Al Sayed, OL
Dresden 2008, hatte Schwarz nach} 15. Bg3 d5 {gutes Spiel.}) 15... Rxf5 16. Qg4
{Weiß gelingt es nicht, sich so zu organisieren, dass er den nachfolgenden
Vorstoß d6-d5 mit c2-c4 begegnen kann. Daher steht Schwarz befriedigend.} Rf7
17. Ne4 (17. Rad1 d5) 17... d5 18. Nxc5 Bxc5 19. g3 ({Mein Gegner überlegte an
dieser Stelle sehr lange und ließ sich nur wenige Minuten bis zur
Zeitkontrolle. Verlockend aber ungenügend war} 19. Bd3 Qf6 20. Bg5 Bxf2+ 21.
Kh1 {wegen} Qc3 $1 (21... Qd4 22. Qe6 Raf8 $5 (22... Bxe1 23. Rxe1 Raf8 24. Rf1
$11 {[%cal Gd3h7]}) 23. Rad1 Bxe1 24. Bxh7+ Kxh7 25. Rxd4 Bg3 26. Rh4+ $8 Bxh4
27. Bxh4 $13) 22. Rf1 (22. Qe6 Nd7 $1 $17) 22... Raf8 23. Rad1 Qe5 $15) 19...
Bd6 20. Bxd6 {(=)} (20. Be3 Nd7 21. Bg2 Qf6 22. Bd4 Be5 23. Bxe5 Nxe5 $11)
20... Qxd6 {Das Remisangebot meines Gegners lehnte ich ab, weil seine Zeit
knapp geworden war und noch einige Tricks möglich sind.} 21. Bd3 Nd7 ({Im Fall
von} 21... Qc5 {geht neben} 22. Re2 ({auch} 22. Bf5 $5 Kh8 23. Qh5 g6 24. Bxg6
Qxf2+ 25. Kh1 Qf3+ 26. Qxf3 Rxf3 27. Kg2 Raf8 28. Bd3 {Hier kann nur Schwarz
schlechter stehen!})) 22. Qe6 (22. Re6 Qc5 23. Rf1 Raf8 24. Re2 $11) 22... Qf8
(22... Qxe6 23. Rxe6 Nc5 24. Re3 Raf8 $11) 23. Kg2 Nc5 24. Qe3 d4 $5 (24...
Nxd3 25. cxd3 $11 {[%cal Ge1e8]}) 25. Qxd4 Rd8 26. Qe3 (26. Qc4 $6 b5 27. axb5
cxb5 28. Qxb5 Nxd3 29. cxd3 Rxf2+ 30. Kg1 Rc2 $36) 26... Nxd3 27. cxd3 Qd6 28.
d4 Qd5+ 29. f3 $1 {Nach diesem letzten genauen Zug ist nichts mehr drin.} Qxd4
30. Qxd4 Rxd4 31. Rad1 Rfd7 32. Rxd4 Rxd4 33. Re5 Rd2+ 34. Kf1 Rd3 35. Ke2 Rxb3
36. Rxa5 Kf7 37. h4 h6 38. g4 Ke6 39. h5 Rb4 1/2-1/2

[Event "Basel Hilton op 12th"]
[Site "Basel"]
[Date "2010.01.02"]
[Round "3"]
[White "Heimann, Andreas"]
[Black "Pelletier, Yannick"]
[Result "0-1"]
[WhiteElo "2467"]
[BlackElo "2602"]
[Annotator "Pelletier,Y"]
[PlyCount "76"]
[EventDate "2010.01.01"]
[EventType "swiss"]
[EventRounds "7"]
[EventCountry "SUI"]
[SourceTitle "CBM 134 Extra"]
[Source "ChessBase"]
[SourceDate "2010.03.03"]
[SourceVersion "1"]
[SourceVersionDate "2010.03.03"]
[SourceQuality "1"]

1. e4 d6 2. d4 Nf6 3. Nc3 e5 4. Nf3 Nbd7 5. Bc4 Be7 6. O-O c6 7. a4 a5 8. Re1
O-O 9. h3 Nb6 10. Bb3 Nfd7 11. Be3 exd4 12. Bxd4 Nc5 13. Bxc5 dxc5 {In diesem
Abspiel hat Schwarz kaum Probleme. Die Struktur erinnert ein bisschen an die
Spanische Abtauschvariante mit den Doppelbauern auf der c-Linie und die weiße
Mehrheit am Königsflügel und im Zentrum. Aber Schwarz hat am Damenflügel schon
etwas erreicht, wobei der Bb3 etwas unglücklich steht.} 14. Qe2 Qd6 15. Rad1
Qh6 {Die Stellung wurde etwas häufiger mit dem Läufer auf a2 (also 10.Ba2)
gespielt. Nach dem folgenden Abtausch auf e6 ändert das natürlich nichts.} 16.
Ne5 Be6 17. Bxe6 Qxe6 18. Nf3 Rad8 19. e5 Qc4 20. Qxc4 ({Ich hatte eher} 20.
Qe3 {erwartet. Schwarz sollte den Bauern nicht verspeisen, sondern einfach im
Zentrum spielen:} Nd5 (20... Nxa4 $2 21. Nxa4 Qxa4 22. e6 $40) 21. Nxd5 (21.
Qe4 Qxe4 22. Nxe4 Nb4 $13) 21... cxd5 $11) 20... Nxc4 21. Kf1 ({Im Falle von} 
21. b3 Na3 22. Rc1 c4 {kann Schwarz einen c-Bauern abtauschen, wonach seine
Mehrheit stärker wird.}) 21... Rxd1 22. Rxd1 Rb8 23. Rb1 $6 ({Weiß kann sich
solche Passivität nicht leisten. Mein Gegner dachte, er hätte genug Zeit dafür,
übersah aber, dass ich meinen Läufer aktivieren kann. Nach} 23. b3 Na3 $11 {
[%cal Gc5c4] erzielt Schwarz wieder die Entlösung seines Doppelbauern, was den
Ausgleich garantiert.}) 23... f6 24. exf6 $6 ({Nach} 24. e6 $6 Re8 {wird der
e-Bauer nicht lange überleben.}) ({Aufmerksamkeit verdiente aber das
Bauernopfer} 24. b3 Nxe5 25. Nxe5 fxe5 26. Re1 $132) 24... Bxf6 25. Ne4 Bxb2
26. Ned2 ({Nach} 26. Nxc5 b5 {bekommt Schwarz einen gefährlichen Freibauern
auf der a-Linie.}) 26... Nxd2+ 27. Nxd2 Be5 28. Nc4 Bc7 29. Nb6 Rd8 ({Das
Turmendspiel nach} 29... Bxb6 $2 30. Rxb6 Kf7 31. c4 Ke6 32. Ke2 {sieht
remislich aus.}) 30. Nc4 $2 ({Dieser Fehler erlaubt es, dem Nachziehenden am
Damenflügel Fortschritte zu erzielen. Nach} 30. Ke2 Kf7 ({das Turmendspiel
verspricht nun mehr Perspektiven, ist aber weiterhin schwer zu gewinnen:} 30...
Bxb6 31. Rxb6 Rd7 32. c4 Kf7) 31. f4 Ke6 $17) 30... b6 31. Ke2 Rb8 {[%cal
Gb6b5]} 32. Na3 Re8+ 33. Kd3 Rd8+ 34. Kc3 Rd4 35. Nc4 h5 36. Rb3 (36. Nxb6 Rb4
$19) 36... Bd8 $1 37. Rb1 ({Hartnäckiger war natürlich} 37. Nxb6 Bf6 38. Kb2
Rxa4+ 39. Kc1 Rf4) 37... Rf4 38. f3 $6 Bf6+ {Nach 39.Kb3 gewinnt 39...b5} 0-1

[Event "Syre Memorial op 33th"]
[Site "Issy les Moulineaux"]
[Date "2010.05.15"]
[Round "4"]
[White "Sorbe, Stephane"]
[Black "Shirazi, Kamran"]
[Result "0-1"]
[WhiteElo "2325"]
[BlackElo "2425"]
[Annotator "Primel,D"]
[PlyCount "105"]
[EventDate "2010.05.13"]
[EventType "swiss"]
[EventRounds "6"]
[EventCountry "FRA"]
[SourceTitle "EXT 2011"]
[Source "ChessBase"]
[SourceDate "2010.11.26"]
[SourceVersion "1"]
[SourceVersionDate "2010.11.26"]
[SourceQuality "1"]

1. e4 e5 2. Nf3 d6 3. d4 Nf6 4. dxe5 (4. Nc3 {La grande ligne}) 4... Nxe4 5.
Bc4 {[%cal Gd1d5,Gd5f7,Gd5e4]} (5. Qd5 $5 Nc5 6. Bg5 $14 {Tiviakov,S (2635)
-Barbero,G (2520) Imperia op 1993 1-0}) 5... c6 6. exd6 (6. O-O d5 7. Bd3 Nc5)
6... Bxd6 {[%cal Gd6h2,Gc8g4]} 7. O-O O-O 8. Nbd2 (8. Re1 Bg4 $32 {Petronic,S 
(2279)-Yu Shaoteng (2517) Tan Lian Ann Cup 2001 (13) 0-1}) 8... Nc5 9. b4 $1
Na4 {[%csl Rc3][%cal Gd6b4]} 10. Ne4 Bxb4 11. Qxd8 Rxd8 12. Nfg5 {[%csl Rf7]}
Rd5 $5 13. Bxd5 cxd5 $44 14. Ng3 (14. Bd2 $5 {[%cal Gd2b4] un peu meilleur
pour le développement}) (14. Rd1 $5 {[%csl Rg8][%cal Gd1d8]}) 14... Nc6 $32 15.
Rd1 b6 $5 (15... Nc3 {[%cal Gc3d1,Gc3d5]} 16. Rd3 Ne5 $36 {[%cal Ge5d3]}) 16.
Rxd5 h6 17. N5e4 Be6 {[%cal Ge6a2] Gagnant un nouveau tempo et les pièces
noires sont très actives. C'est le genre de position compliquée qui convient
au MI} 18. Rd1 Nc3 {[%cal Gc3d1,Gc3a2]} 19. Rd3 Nxa2 {[%csl Ga7][%cal Ga7a1]}
20. Bb2 Bf8 $1 {[%cal Ga2b4,Gf8g7]} 21. Nh5 f5 22. Nd2 (22. Nd6 $5) 22... Nab4
23. Rg3 g5 {[%csl Gf5,Gg5]} 24. Re1 {[%cal Ge1e6]} (24. h4 {[%cal Gg3g8] Ce
coup naturel aurait entrainé des complications recherchées par le MI} Nxc2 25.
Rc1 N6d4 {[%cal Gd4e2,Ge2g3,Ge2g1]} 26. Nf4 (26. Kf1 Bc8 {[%cal Gc8a6]})) 24...
Kf7 25. c3 f4 $1 {[%csl Rg3,Rh5]} 26. Rf3 (26. Nxf4 $5 gxf4 27. Rf3 Nd5 28. c4
Nc7 29. Rxf4+) 26... Nc2 27. Rc1 Bg4 $17 {[%cal Gg4f3,Gg4h5]} 28. Nxf4 Bxf3 29.
Nxf3 Na3 30. Bxa3 Bxa3 31. Ra1 Bb2 32. Ra2 Bxc3 33. Nd5 Nb4 $1 (33... Bf6) 34.
Nxc3 Nxa2 35. Nxa2 Rc8 (35... a5 {[%csl Gb4]}) 36. Kf1 Ke6 37. Ke1 Kd5 (37...
g4 38. Nd4+ Ke5) 38. Kd2 g4 39. Ne1 Kc4 $1 {[%cal Gb6b3,Gc8d8] Le K noir est
trés actif et les blancs vont avoir du mal а lutter contre la majorité а
l'aile-dame} 40. Nd3 Rd8 41. Nac1 Rd5 42. h3 gxh3 43. gxh3 b5 $40 {[%csl Gb5]}
44. f4 b4 45. Ke3 a5 46. Nb2+ Kb5 47. Ke4 Rh5 (47... Rd6) 48. Nb3 Kc6 (48...
Rxh3) 49. f5 Kd6 50. Nc4+ Ke7 51. Ke5 $6 (51. Ncxa5 $8) 51... a4 52. Nd4 a3 53.
Ne6 $4 $138 (53. Nc6+) 0-1